Statistics for 1,000 Largest U.S. Cities

Click here to take the quiz!

General Stats

  • This quiz has been taken 37 times
    (36 since last reset)
  • The average score is 330 of 1000

Answer Stats

#Pop.STCity% Correct
18,804,190NYNew York
100%
16874,579NCCharlotte
95%
32,746,388ILChicago
95%
91,304,379TXDallas
95%
19715,522CODenver
95%
42,304,580TXHouston
95%
170153,701MSJackson
95%
55368,205TNJackson
95%
44442,241FLMiami
95%
22681,054OKOklahoma City
95%
61,603,797PAPhiladelphia
95%
51,608,139AZPhoenix
95%
81,386,932CASan Diego
95%
33996,904UTSandy
95%
18737,015WASeattle
95%
20689,545DCWashington
95%
32564,559NMAlbuquerque
90%
38498,715GAAtlanta
90%
11961,855TXAustin
90%
24675,647MABoston
90%
54372,624OHCleveland
90%
83647,356TNCleveland
90%
78550,474INColumbus
90%
112206,922GAColumbus
90%
14905,748OHColumbus
90%
15887,642INIndianapolis
90%
50372,723NCJacksonville
90%
12949,611FLJacksonville
90%
166156,607KSKansas City
90%
36508,090MOKansas City
90%
26641,903NVLas Vegas
90%
23,898,747CALos Angeles
90%
21689,447TNNashville
90%
67307,573FLOrlando
90%
25652,503ORPortland
90%
55168,408MEPortland
90%
71,434,625TXSan Antonio
90%
17873,965CASan Francisco
90%
101,013,240CASan Jose
90%
30585,708MDBaltimore
86%
95235,684IDBoise
86%
106214,133IADes Moines
86%
27639,111MIDetroit
86%
23678,815TXEl Paso
86%
13918,915TXFort Worth
86%
34542,107CAFresno
86%
55350,964HIHonolulu
86%
28633,104TNMemphis
86%
53383,997LANew Orleans
86%
47276,416CAPittsburg
86%
133190,934RIProvidence
86%
108211,328NYRochester
86%
232121,395MNRochester
86%
35524,943CASacramento
86%
122199,723UTSalt Lake City
86%
261114,394ILSpringfield
86%
168155,929MASpringfield
86%
66558,662OHSpringfield
86%
61761,851ORSpringfield
86%
158169,176MOSpringfield
86%
69301,578MOSt. Louis
86%
127196,169FLTallahassee
86%
50394,266TXArlington
81%
99227,470LABaton Rouge
81%
118200,733ALBirmingham
81%
76278,349NYBuffalo
81%
65309,317OHCincinnati
81%
59317,863TXCorpus Christi
81%
202137,644OHDayton
81%
223125,990NDFargo
81%
70299,035NCGreensboro
81%
29633,045KYLouisville
81%
250115,644NHManchester
81%
37504,258AZMesa
81%
31577,222WIMilwaukee
81%
46429,954MNMinneapolis
81%
83447,529CANewark
81%
79449,934OHNewark
81%
62311,549NJNewark
81%
45440,646CAOakland
81%
39486,051NEOmaha
81%
41467,665NCRaleigh
81%
137187,593LAShreveport
81%
97228,989WASpokane
81%
63311,527MNSt. Paul
81%
103219,346WATacoma
81%
52384,959FLTampa
81%
79270,871OHToledo
81%
33542,629AZTucson
81%
89249,545NCWinston-Salem
81%
107211,569NYYonkers
81%
136190,469OHAkron
76%
121200,393TXAmarillo
76%
72291,247AKAnchorage
76%
116202,081GAAugusta
76%
179150,227SCCharleston
76%
81148,864WVCharleston
76%
40478,961COColorado Springs
76%
221126,254MOColumbia
76%
205136,632SCColumbia
76%
94441,690TNColumbia
76%
146176,654OREugene
76%
35493,949ARFayetteville
76%
110208,501NCFayetteville
76%
123198,917MIGrand Rapids
76%
71292,449NJJersey City
76%
135190,740TNKnoxville
76%
73291,082NELincoln
76%
79749,757CALincoln
76%
42466,742CALong Beach
76%
212134,023CTNew Haven
76%
248116,448CARichmond
76%
100226,610VARichmond
76%
61314,998CARiverside
76%
88844,480MASalem
76%
148175,535ORSalem
76%
64310,227CASanta Ana
76%
131192,517SDSioux Falls
76%
184148,620NYSyracuse
76%
47413,066OKTulsa
76%
43459,470VAVirginia Beach
76%
49397,532KSWichita
76%
312102,316TXWichita Falls
76%
230123,851MIAnn Arbor
71%
51386,261COAurora
71%
144180,542ILAurora
71%
48403,455CABakersfield
71%
246117,116MTBillings
71%
141182,760FLFort Lauderdale
71%
234121,054CTHartford
71%
105215,006ALHuntsville
71%
85945,941TXHuntsville
71%
115202,591ARLittle Rock
71%
86257,141TXLubbock
71%
80269,840WIMadison
71%
69156,933ALMadison
71%
138187,041ALMobile
71%
119200,603ALMontgomery
71%
68302,971PAPittsburgh
71%
82264,165NVReno
71%
56346,824CAAnaheim
67%
183148,654CTBridgeport
67%
90043,976NHConcord
67%
301105,240NCConcord
67%
226125,410CAConcord
67%
50472,647FLDaytona Beach
67%
75283,506NCDurham
67%
83263,886INFort Wayne
67%
93442,296GAGainesville
67%
194141,085FLGainesville
67%
78950,099PAHarrisburg
67%
60317,610NVHenderson
67%
268112,644MILansing
67%
88255,205TXLaredo
67%
57322,570KYLexington
67%
140186,247VANewport News
67%
94238,005VANorfolk
67%
84262,527NVNorth Las Vegas
67%
39487,321UTOgden
67%
174151,950TXPasadena
67%
199138,699CAPasadena
67%
185147,780GASavannah
67%
93241,361AZScottsdale
67%
68257,732MOSt. Peters
67%
85258,308FLSt. Petersburg
67%
37390,871NJTrenton
67%
200138,486TXWaco
67%
52070,898DEWilmington
67%
252115,451NCWilmington
67%
53969,647GAAlbany
62%
32899,224NYAlbany
62%
69456,472ORAlbany
62%
304104,627TXAllen
62%
224125,845PAAllentown
62%
139186,738TXBrownsville
62%
88144,743VTBurlington
62%
68657,303NCBurlington
62%
130194,016FLCape Coral
62%
201137,710IACedar Rapids
62%
142181,099TNChattanooga
62%
90249,422VAChesapeake
62%
39986,697MNDuluth
62%
156169,810COFort Collins
62%
84646,842WVHuntington
62%
124198,711CAHuntington Beach
62%
52270,783INLafayette
62%
233121,374LALafayette
62%
117202,063CAOxnard
62%
255115,162UTProvo
62%
322100,011VARoanoke
62%
102222,101CASan Bernardino
62%
47476,328PAScranton
62%
58320,804CAStockton
62%
143180,587AZTempe
62%
219126,587KSTopeka
62%
113206,518MAWorcester
62%
34195,558CACarson
57%
77275,987AZChandler
57%
34095,740CACompton
57%
34994,831PAErie
57%
120200,509TXFrisco
57%
54469,093INGary
57%
81267,918AZGilbert
57%
91248,325AZGlendale
57%
126196,543CAGlendale
57%
292107,395WIGreen Bay
57%
172153,067FLHollywood
57%
66307,670CAIrvine
57%
251115,554MALowell
57%
190142,210TXMcAllen
57%
104218,464CAModesto
57%
132190,985AZPeoria
57%
267113,150ILPeoria
57%
74285,494TXPlano
57%
40685,797IASioux City
57%
217127,315GAAthens
52%
32999,178ORBend
52%
74153,293MTBozeman
52%
78275,487CAChula Vista
52%
203137,298NJElizabeth
52%
178150,362ILJoliet
52%
67658,039PALancaster
52%
95241,275TXLancaster
52%
153173,516CALancaster
52%
97240,552OHLancaster
52%
275111,385NMLas Cruces
52%
164157,346GAMacon
52%
215128,026OKNorman
52%
149175,265CAOntario
52%
125197,238KSOverland Park
52%
55068,572CAPalo Alto
52%
98228,673CASanta Clarita
52%
307103,453INSouth Bend
52%
207135,470CTStamford
52%
218126,966CAThousand Oaks
52%
32799,600ALTuscaloosa
52%
134190,915WAVancouver
52%
243117,415FLWest Palm Beach
52%
227125,182TXAbilene
48%
87545,275LAAlexandria
48%
163159,467VAAlexandria
48%
35094,589NCAsheville
48%
175151,854WABellevue
48%
59464,176NEBellevue
48%
80049,449MSBiloxi
48%
49573,622NDBismarck
48%
293107,337CABurbank
48%
241118,403MACambridge
48%
150174,721NCCary
48%
58665,132WYCheyenne
48%
159166,722TNClarksville
48%
244117,298INEvansville
48%
96230,504CAFremont
48%
39387,521NCGreenville
48%
52470,720SCGreenville
48%
101223,109FLHialeah
48%
87256,684TXIrving
48%
32399,986WIKenosha
48%
316101,253MALynn
48%
173152,769TNMurfreesboro
48%
181149,540ILNaperville
48%
36891,322NHNashua
48%
37091,184CTNorwalk
48%
309102,773CANorwalk
48%
152174,068CAOceanside
48%
193141,290KSOlathe
48%
196139,911CAOrange
48%
69656,320IDPocatello
48%
114204,851FLPort St. Lucie
48%
314101,636MAQuincy
48%
182148,655ILRockford
48%
145178,127CASanta Rosa
48%
187147,067CATorrance
48%
77051,401NYTroy
48%
39687,294MITroy
48%
58165,283NYUtica
48%
260114,403CTWaterbury
48%
47676,143ALAuburn
43%
39787,256WAAuburn
43%
254115,282TXBeaumont
43%
74853,036CABeaumont
43%
229124,321CABerkeley
43%
288108,250COBoulder
43%
50972,294KYBowling Green
43%
66658,639NVCarson City
43%
197139,869TXDenton
43%
147176,124CAElk Grove
43%
43481,252MIFlint
43%
111208,393CAFontana
43%
40286,395FLFort Myers
43%
188143,617CAFullerton
43%
73653,695TXGalveston
43%
92246,018TXGarland
43%
128196,100TXGrand Prairie
43%
50172,926MSGulfport
43%
204137,148VAHampton
43%
161162,954CAHayward
43%
290107,762CAInglewood
43%
49673,598MIKalamazoo
43%
171153,095TXKilleen
43%
78050,942OHLakewood
43%
42782,496CALakewood
43%
167155,984COLakewood
43%
72854,100KSManhattan
43%
274111,640FLMiami Gardens
43%
93242,547MIMidland
43%
214132,524TXMidland
43%
321100,200IDNampa
43%
259114,428TXOdessa
43%
70355,605WAOlympia
43%
33398,129UTOrem
43%
157169,450CAPalmdale
43%
162159,732NJPaterson
43%
46477,816WIRacine
43%
48774,703SDRapid City
43%
34695,112PAReading
43%
84546,889KSSalina
43%
38888,665CASanta Barbara
43%
216127,647CASanta Clara
43%
35893,076CASanta Monica
43%
34495,342UTSt. George
43%
169155,805CASunnyvale
43%
33896,968WAYakima
43%
48275,644WIAppleton
38%
36691,482WABellingham
38%
300105,643MABrockton
38%
51371,791NJCamden
38%
65959,038WYCasper
38%
315101,475CAChico
38%
245117,292FLClearwater
38%
236120,124CAClovis
38%
235120,511TXCollege Station
38%
210134,394FLCoral Springs
38%
165157,136CACorona
38%
281109,976MIDearborn
38%
35194,428OKEdmond
38%
177151,038CAEscondido
38%
46278,110ILEvanston
38%
80849,075MAEverett
38%
279110,629WAEverett
38%
237119,881CAFairfield
38%
87644,907OHFairfield
38%
46976,831AZFlagstaff
38%
46178,171MDFrederick
38%
154171,949CAGarden Grove
38%
57965,560COGrand Junction
38%
285108,795COGreeley
38%
295106,447ORHillsboro
38%
48574,828IAIowa City
38%
91943,228MOJefferson City
38%
45878,576ARJonesboro
38%
206136,588WAKent
38%
34794,934KSLawrence
38%
38489,143MALawrence
38%
80249,370INLawrence
38%
75052,778UTLogan
38%
64959,659MAMedford
38%
40585,824ORMedford
38%
242117,635IDMeridian
38%
180150,108TXMesquite
38%
109208,634CAMoreno Valley
38%
64260,183KYOwensboro
38%
155171,178FLPembroke Pines
38%
72554,312FLPensacola
38%
272111,876COPueblo
38%
151174,453CARancho Cucamonga
38%
35793,611CARedding
38%
306104,026CARialto
38%
82947,710MIRoseville
38%
186147,773CARoseville
38%
36092,833GARoswell
38%
81748,422NMRoswell
38%
160163,542CASalinas
38%
43681,045MASomerville
38%
276111,026TXSugar Land
38%
189143,148AZSurprise
38%
280110,003CATemecula
38%
191141,867COThornton
38%
297105,995TXTyler
38%
278110,763CAVentura
38%
249116,317COWestminster
38%
37290,911CAWestminster
38%
195140,230UTWest Valley City
38%
34295,548AZYuma
38%
57166,427IAAmes
33%
33597,494ORBeaverton
33%
45778,680ILBloomington
33%
45279,168INBloomington
33%
37889,987MNBloomington
33%
258114,746CACarlsbad
33%
32699,757INCarmel
33%
213133,434TXCarrollton
33%
287108,418COCentennial
33%
36791,403CAChino
33%
71854,628IDCoeur d'Alene
33%
59564,134ARConway
33%
303104,901CADaly City
33%
40086,518CTDanbury
33%
263114,355CADowney
33%
64859,667IADubuque
33%
54369,421WIEau Claire
33%
257114,797ILElgin
33%
99239,899SCFlorence
33%
98340,184ALFlorence
33%
38589,142ARFort Smith
33%
34595,294AZGoodyear
33%
65859,166NDGrand Forks
33%
264114,247ORGresham
33%
81448,730MSHattiesburg
33%
58764,818IDIdaho Falls
33%
231123,011MOIndependence
33%
302105,053CAJurupa Valley
33%
269112,641FLLakeland
33%
273111,822TXLewisville
33%
33198,885COLongmont
33%
45479,009VALynchburg
33%
129195,308TXMcKinney
33%
41284,678FLMelbourne
33%
310102,527CAMenifee
33%
40785,778TXMission
33%
37490,801SCMount Pleasant
33%
277110,949CAMurrieta
33%
44979,246CANapa
33%
37590,403TXNew Braunfels
33%
44679,726NYNew Rochelle
33%
256114,852SCNorth Charleston
33%
43581,146OHParma
33%
176151,713CAPomona
33%
33497,915VAPortsmouth
33%
239119,469TXRichardson
33%
240119,468TXRound Rock
33%
289108,080GASandy Springs
33%
299105,661CASan Mateo
33%
60462,956CASanta Cruz
33%
220126,356CASimi Valley
33%
286108,445NVSparks
33%
211134,346MISterling Heights
33%
35993,000CATracy
33%
54968,589NJUnion City
33%
53270,143CAUnion City
33%
311102,386CAVacaville
33%
222126,090CAVallejo
33%
247116,961UTWest Jordan
33%
65159,559NYWhite Plains
33%
89544,328PAWilkes-Barre
33%
253115,291CAAntioch
29%
48075,791CAApple Valley
29%
69556,374MNApple Valley
29%
82447,969NYBinghamton
29%
87744,826VABlacksburg
29%
33597,422FLBoca Raton
29%
266113,540OKBroken Arrow
29%
38988,302ILChampaign
29%
40985,268ILCicero
29%
96140,961KYCovington
29%
42382,934RICranston
29%
313101,724IADavenport
29%
298105,691FLDavie
29%
56766,850CADavis
29%
67857,938ALDecatur
29%
52770,522ILDecatur
29%
84147,139RIEast Providence
29%
77251,308OKEnid
29%
35394,000MAFall River
29%
43980,454CAFolsom
29%
63760,442MTGreat Falls
29%
60063,399OHHamilton
29%
39088,083CAHawthorne
29%
32599,818CAHesperia
29%
265114,059NCHigh Point
29%
63860,419NJHoboken
29%
38689,137CAIndio
29%
76651,762MOJoplin
29%
36392,175WAKirkland
29%
41184,872LALake Charles
29%
43281,773UTLayton
29%
43381,638TXLongview
29%
63060,972GAMarietta
29%
40386,333CAMerced
29%
35693,653CAMission Viejo
29%
49773,489MTMissoula
29%
83047,702LAMonroe
29%
49473,893NYMount Vernon
29%
58465,194INMuncie
29%
318101,079MANew Bedford
29%
238119,760FLPalm Bay
29%
88444,575CAPalm Springs
29%
52670,537NJPassaic
29%
48375,604RIPawtucket
29%
225125,828TXPearland
29%
43781,026MNPlymouth
29%
270112,046FLPompano Beach
29%
89844,202MISaginaw
29%
37191,008CASan Leandro
29%
84347,063CASan Luis Obispo
29%
282109,707CASanta Maria
29%
308102,976WASpokane Valley
29%
50772,473MOSt. Joseph
29%
76551,807IDTwin Falls
29%
208134,810CAVictorville
29%
192141,384CAVisalia
29%
198139,387MIWarren
29%
42682,823RIWarwick
29%
38289,321ILWaukegan
29%
283109,501CAWest Covina
29%
87844,800PAYork
29%
64360,068OHYoungstown
29%
53470,117CAYuba City
29%
96540,812MDAnnapolis
24%
228124,402COArvada
24%
45179,190CABellflower
24%
72754,164ARBentonville
24%
63260,833CTBristol
24%
36591,502AZBuckeye
24%
52170,872OHCanton
24%
84946,553VACharlottesville
24%
80549,248FLCoral Gables
24%
271111,918CACosta Mesa
24%
51871,072ALDothan
24%
82747,741MIEast Lansing
24%
296106,215CAEl Cajon
24%
73053,923INElkhart
24%
284109,450CAEl Monte
24%
33098,977INFishers
24%
42283,454TNFranklin
24%
44080,411NCGastonia
24%
78350,631TXGrapevine
24%
91243,527MDHagerstown
24%
46377,879INHammond
24%
38089,833CAHemet
24%
94041,999NJKearny
24%
57066,448LAKenner
24%
70655,442TNKingsport
24%
37690,381OKLawton
24%
317101,108MOLee's Summit
24%
34395,535MILivonia
24%
58365,211OHLorain
24%
92742,772VAManassas
24%
63160,850CTMeriden
24%
42482,890FLMiami Beach
24%
77950,987OHMiddletown
24%
82847,717CTMiddletown
24%
209134,721FLMiramar
24%
60662,793OKMoore
24%
49174,135CTNew Britain
24%
41085,239CANewport Beach
24%
38788,923MANewton
24%
58864,591ARNorth Little Rock
24%
59863,591FLOcala
24%
36991,316MOO'Fallon
24%
44579,871CAPleasanton
24%
86045,827AZPrescott
24%
44879,332CARancho Cordova
24%
49973,168CARedlands
24%
305104,046NMRio Rancho
24%
55967,553TXSan Marcos
24%
34894,833CASan Marcos
24%
62261,271CASan Rafael
24%
41384,605CASan Ramon
24%
56667,047NYSchenectady
24%
41584,161ARSpringdale
24%
67158,389INTerre Haute
24%
54668,875CATulare
24%
63360,780NJVineland
24%
33298,381CAVista
24%
51771,158WIWaukesha
24%
39587,306CAWhittier
24%
42582,868CAAlhambra
19%
71654,788INAnderson
19%
55667,887IAAnkeny
19%
38189,334AZAvondale
19%
75252,721MIBattle Creek
19%
51471,686NJBayonne
19%
93342,404ILBelleville
19%
48175,781PABethlehem
19%
49373,922ILBolingbrook
19%
70155,698FLBradenton
19%
49274,112COBroomfield
19%
64559,996IDCaldwell
19%
61661,960NCChapel Hill
19%
45978,411CAChino Hills
19%
39287,583CACitrus Heights
19%
37790,296NJClifton
19%
37989,956TXConroe
19%
64659,922ORCorvallis
19%
96740,779CACulver City
19%
35593,692FLDeltona
19%
80349,328OHDublin
19%
50672,589CADublin
19%
54069,612NJEast Orange
19%
74053,494MNEdina
19%
89644,322CAEl Centro
19%
75452,656OHElyria
19%
61562,007CAEncinitas
19%
319101,030WAFederal Way
19%
47775,956TXFlower Mound
19%
50872,362MAFramingham
19%
89044,472NYFreeport
19%
53869,657MDGaithersburg
19%
76451,814VAHarrisonburg
19%
36292,606ALHoover
19%
51971,046TNJohnson City
19%
62661,047FLJupiter
19%
86245,776TXKeller
19%
41983,921WAKennewick
19%
65059,604INKokomo
19%
52970,265CALake Elsinore
19%
40485,858CALake Forest
19%
68857,144AZLake Havasu City
19%
62361,121CALa Mesa
19%
42882,485FLLargo
19%
262114,392TXLeague City
19%
47875,907UTLehi
19%
57266,348CALodi
19%
83347,534OHMansfield
19%
50572,602TXMansfield
19%
42183,498CAManteca
19%
44480,273CAMilpitas
19%
82048,377NDMinot
19%
81648,671NYNiagara Falls
19%
64160,191FLNorth Miami
19%
67258,362ILOak Lawn
19%
72054,583ILOak Park
19%
56966,816WIOshkosh
19%
45678,700CAPerris
19%
95341,253ARPine Bluff
19%
62061,606MIPontiac
19%
69956,039TXPort Arthur
19%
51671,576CARedondo Beach
19%
41484,292CARedwood City
19%
294106,785WARenton
19%
32499,893TXSan Angelo
19%
59164,293CASan Clemente
19%
64460,037CASantee
19%
71554,842FLSarasota
19%
291107,436GASouth Fulton
19%
36192,726CASouth Gate
19%
46777,487UTSouth Jordan
19%
97440,501PAState College
19%
66058,964FLSt. Cloud
19%
54568,881MNSt. Cloud
19%
81848,394OKStillwater
19%
35294,324VASuffolk
19%
78150,915SCSummerville
19%
33797,335FLSunrise
19%
43182,073TXTemple
19%
76251,898TXTexas City
19%
50272,740CATurlock
19%
44380,276CATustin
19%
58065,534TXVictoria
19%
53370,127CAWalnut Creek
19%
44280,308GAWarner Robins
19%
62861,032CAWoodland
19%
91843,240RIWoonsocket
19%
55268,336CAYorba Linda
19%
46078,280CAAlameda
14%
57765,818GAAlpharetta
14%
90143,963PAAltoona
14%
69356,681CAArcadia
14%
46577,676ILArlington Heights
14%
79250,000CAAzusa
14%
42083,701TXBaytown
14%
92842,670MABeverly
14%
60762,701LABossier City
14%
67358,329MDBowie
14%
83747,325CABrea
14%
87045,373TNBrentwood
14%
59264,292CABrentwood
14%
40186,478MNBrooklyn Park
14%
41684,034CABuena Park
14%
52370,741CACamarillo
14%
73753,658AZCasa Grande
14%
76851,493CACathedral City
14%
46677,595TXCedar Park
14%
79949,578CACerritos
14%
94241,941CACoachella
14%
60562,799IACouncil Bluffs
14%
77351,268CACovina
14%
91143,582CADanville
14%
93042,590VADanville
14%
76951,428CADelano
14%
71255,072CADiamond Bar
14%
54768,855MNEagan
14%
53769,757CAEastvale
14%
320100,243TXEdinburg
14%
62761,032TXEuless
14%
84846,624NMFarmington
14%
83847,297FLFort Pierce
14%
56467,176TXGeorgetown
14%
74353,131NEGrand Island
14%
91443,490NCHickory
14%
69056,999CAHighland
14%
71354,883CAHuntington Park
14%
42982,453GAJohns Creek
14%
45079,226FLKissimmee
14%
58964,355CALaguna Niguel
14%
60363,097CALa Habra
14%
96840,731ORLake Oswego
14%
48874,482FLLauderhill
14%
86545,652COLittleton
14%
39187,955CALivermore
14%
47376,378COLoveland
14%
57566,224CAMadera
14%
57366,263MAMalden
14%
67058,409OKMidwest City
14%
78450,558CTMilford
14%
92342,985ILMoline
14%
43082,376CAMountain View
14%
90843,676FLNorth Miami Beach
14%
48674,793FLNorth Port
14%
98540,125CTNorwich
14%
57466,243MINovi
14%
77551,163CAPalm Desert
14%
46877,108WAPasco
14%
64759,776CAPetaluma
14%
44779,715TXPharr
14%
90343,927MAPittsfield
14%
36491,750FLPlantation
14%
81248,841CAPoway
14%
49873,256WARedmond
14%
63560,560WARichland
14%
47576,300MIRochester Hills
14%
48974,372SCRock Hill
14%
56567,117MDRockville
14%
53669,908ALRogers
14%
62561,051FLSanford
14%
73353,898CASan Jacinto
14%
45578,723ILSchaumburg
14%
79549,929WISheboygan
14%
55767,824ILSkokie
14%
71754,648MSSouthaven
14%
57666,105CASouth San Francisco
14%
52870,493MOSt. Charles
14%
72254,539ORTigard
14%
81348,789FLTitusville
14%
45379,040CAUpland
14%
70855,378GAValdosta
14%
58265,218MAWaltham
14%
56167,314IAWaterloo
14%
68457,437MAWeymouth
14%
75952,176CAAliso Viejo
10%
51072,176CABaldwin Park
10%
79649,928TXBedford
10%
53170,222MNBlaine
10%
73853,644FLBonita Springs
10%
44180,380FLBoynton Beach
10%
98640,083COBrighton
10%
41883,980TXBryan
10%
50073,158COCastle Rock
10%
79349,999MOChesterfield
10%
87245,312OHCleveland Heights
10%
73253,909CAColton
10%
59763,599MNCoon Rapids
10%
92442,983TXCoppell
10%
97940,269ILCrystal Lake
10%
63960,381CACupertino
10%
77651,114OHCuyahoga Falls
10%
78850,151CACypress
10%
60263,292MIDearborn Heights
10%
39886,859FLDeerfield Beach
10%
97840,290ILDeKalb
10%
56866,846FLDelray Beach
10%
63460,675ILDes Plaines
10%
97040,706TXDuncanville
10%
79849,692OHEuclid
10%
41783,986MIFarmington Hills
10%
88244,678WIFond du Lac
10%
68957,047CAFountain Valley
10%
62961,027CAGardena
10%
65259,520CAGilroy
10%
75652,558CAGlendora
10%
85845,946SCGoose Creek
10%
85646,073TXHaltom City
10%
67757,990CAHanford
10%
51271,829TXHarlingen
10%
43880,737FLHomestead
10%
62161,376NCHuntersville
10%
98940,006KSHutchinson
10%
57865,615WIJanesville
10%
75352,680WILa Crosse
10%
82148,250VALeesburg
10%
90543,782MALeominster
10%
89144,444CALompoc
10%
56367,265CALynwood
10%
53070,253MNMaple Grove
10%
67558,125AZMaricopa
10%
60163,380UTMillcreek
10%
49074,259TXMissouri City
10%
62461,096CAMonterey Park
10%
70955,266NJNew Brunswick
10%
75152,736ILNormal
10%
87944,794FLNorth Lauderdale
10%
53569,917TXNorth Richland Hills
10%
55567,908ILPalatine
10%
65759,182FLPalm Beach Gardens
10%
38389,258FLPalm Coast
10%
73553,733CAParamount
10%
70755,436NJPerth Amboy
10%
61462,088CAPico Rivera
10%
84746,785AZPrescott Valley
10%
61362,186MARevere
10%
51571,601CARocklin
10%
61162,535TXRowlett
10%
93942,002TXSchertz
10%
56267,311KSShawnee
10%
90943,645TXSherman
10%
66758,608WAShoreline
10%
87345,308AZSierra Vista
10%
47076,618MISouthfield
10%
92942,602UTSpanish Fork
10%
79150,005TNSpring Hill
10%
65459,408MATaunton
10%
59963,409MITaylor
10%
86645,580IAUrbandale
10%
97140,634NYValley Stream
10%
75552,590CAWatsonville
10%
95841,140TXWaxahachie
10%
54868,723IAWest Des Moines
10%
70455,584CTWest Haven
10%
88344,595INWest Lafayette
10%
73153,915CAWest Sacramento
10%
68357,526TXWylie
10%
47176,501MIWyoming
10%
72154,542CAYucaipa
10%
71454,873FLApopka
5%
85246,461MAAttleboro
5%
98140,242FLAventura
5%
80948,916MABarnstable
5%
68757,250ILBerwyn
5%
86345,762UTBountiful
5%
91343,505WABremerton
5%
71055,161GABrookhaven
5%
92043,212ILBuffalo Grove
5%
83147,641TXBurleson
5%
59064,317MNBurnsville
5%
90243,959CACampbell
5%
99439,854ILCarol Stream
5%
96940,713IACedar Falls
5%
80449,302CACeres
5%
96640,787MAChelsea
5%
70555,560MAChicopee
5%
68057,833FLCoconut Creek
5%
61262,418COCommerce City
5%
95041,302OHDelaware
5%
69856,145TXDeSoto
5%
47975,874FLDoral
5%
59364,198MNEden Prairie
5%
86145,786ILElmhurst
5%
97740,313OHFindlay
5%
94141,946MAFitchburg
5%
75752,533MOFlorissant
5%
98240,191NJFort Lee
5%
95741,213TXFriendswood
5%
89943,990FLGreenacres
5%
59663,830INGreenwood
5%
61861,753TNHendersonville
5%
97340,508NMHobbs
5%
95541,239NCHolly Springs
5%
99039,997NCIndian Trail
5%
80149,447INJeffersonville
5%
67957,862OHKettering
5%
86445,697TXKyle
5%
73953,526WALacey
5%
82348,008CALa Mirada
5%
68557,434KSLenexa
5%
98040,245MILincoln Park
5%
90643,738NJLinden
5%
85346,453TXLittle Elm
5%
88744,488MNMankato
5%
76151,908AZMarana
5%
66358,712FLMargate
5%
94641,535IAMarion
5%
52570,714WAMarysville
5%
83547,450OHMentor
5%
95141,296GAMilton
5%
73453,781MNMinnetonka
5%
86845,483CAMorgan Hill
5%
69256,852ILMount Prospect
5%
69756,173CANational City
5%
54169,604INNoblesville
5%
74253,225CANovato
5%
89744,229FLOakland Park
5%
91743,357CAOakley
5%
83947,295FLOcoee
5%
66458,703ILOrland Park
5%
84247,070AZOro Valley
5%
98740,059FLOviedo
5%
66958,512COParker
5%
72354,481MAPeabody
5%
58565,191TXPflugerville
5%
74553,093FLPinellas Park
5%
76351,824CAPlacentia
5%
60962,623CAPorterville
5%
65359,519AZQueen Creek
5%
93542,287CARancho Palos Verdes
5%
84047,251TXRockwall
5%
72454,341NCRocky Mount
5%
77451,185CARosemead
5%
67458,211MIRoyal Oak
5%
90443,908CASan Bruno
5%
99939,568CASan Gabriel
5%
96340,869CTShelton
5%
74653,070TNSmyrna
5%
70255,663GASmyrna
5%
66158,874MISt. Clair Shores
5%
79050,010MNSt. Louis Park
5%
65659,194GAStonecrest
5%
91543,463SCSumter
5%
63660,448UTTaylorsville
5%
70055,971ILTinley Park
5%
83247,601NCWake Forest
5%
61961,637FLWellington
5%
96440,834MAWestfield
5%
85446,410INWestfield
5%
40885,420MIWestland
5%
74952,912NJWest New York
5%
55468,107FLWeston
5%
82647,851NCWilson
5%
48475,102MNWoodbury
5%
85546,231FLAltamonte Springs
0%
66258,780NCApex
0%
68157,786TNBartlett
0%
95941,105ILBartlett
0%
85046,549OHBeavercreek
0%
66858,603MOBlue Springs
0%
82248,161WABothell
0%
94741,464WIBrookfield
0%
94841,348AZBullhead City
0%
76052,066WABurien
0%
100039,540MOCape Girardeau
0%
80749,148TXCedar Hill
0%
92243,021FLClermont
0%
77151,324TNCollierville
0%
86945,425FLCutler Bay
0%
78650,247ILDowners Grove
0%
77851,017UTDraper
0%
76751,683GADunwoody
0%
91043,623UTEagle Mountain
0%
92642,853WAEdmonds
0%
89244,431TNGallatin
0%
94941,333TNGermantown
0%
81548,705ILGlenview
0%
95441,252OHGrove City
0%
85746,030NJHackensack
0%
95641,217FLHallandale Beach
0%
55867,787MAHaverhill
0%
71155,144UTHerriman
0%
75852,530ILHoffman Estates
0%
94541,678CAHollister
0%
91643,439OHHuber Heights
0%
97640,413TXHurst
0%
98840,051WAIssaquah
0%
74453,114NCKannapolis
0%
72554,304MIKentwood
0%
54269,490MNLakeville
0%
93742,219FLLake Worth Beach
0%
65559,202TXLeander
0%
88944,476ILLombard
0%
86745,532CALos Banos
0%
93842,088MNMaplewood
0%
94341,793MAMarlborough
0%
74753,059MAMethuen
0%
77751,063INMishawaka
0%
60862,640CAMontebello
0%
78750,193NCMooresville
0%
88644,505MNMoorhead
0%
78250,637UTMurray
0%
97540,451WINew Berlin
0%
93142,549GANewnan
0%
99639,711MSOlive Branch
0%
92143,080FLOrmond Beach
0%
99739,656ILPark Ridge
0%
93642,243GAPeachtree Corners
0%
71954,586NJPlainfield
0%
88044,762ILPlainfield
0%
99539,764FLPlant City
0%
81048,891MIPortage
0%
61062,596FLPort Orange
0%
92542,973WAPuyallup
0%
82547,949CARancho Santa Margarita
0%
96041,076OHReynoldsburg
0%
87445,285UTRiverton
0%
89344,390CARohnert Park
0%
99339,863ILRomeoville
0%
56067,455WASammamish
0%
87145,345NJSayreville
0%
90743,698MNShakopee
0%
99839,577ILStreamwood
0%
85146,491OHStrongsville
0%
51171,897FLTamarac
0%
88544,534TXThe Colony
0%
99139,994WIWausau
0%
81948,387WIWauwatosa
0%
89444,372MOWentzville
0%
98440,160TXWeslaco
0%
64060,325WIWest Allis
0%
72953,970ILWheaton
0%
84446,964FLWinter Garden
0%
80649,219FLWinter Haven
0%
96240,876MAWoburn
0%

Score Distribution

Percentile by Number Answered

Percent of People with Each Score

Your Score History

You have not taken this quiz since the last reset